| 000 | 00643nam a2200145 a 4500 | ||
|---|---|---|---|
| 008 | 120416s1953 ||||||||||||||||| || u | ||
| 050 | _aHB 85 Hut | ||
| 100 | _aHutchison, Terence Wilmot | ||
| 245 | 1 | 2 | _aA review of economic doctrines, 1870-1929 |
| 260 |
_aOxford _bClarendon _c[1953] |
||
| 300 | _axiv, 456p. : ill | ||
| 350 | _a0.00 | ||
| 995 |
_aANNEX COLLECTION (Main Library) _D0.00 _e001809 _FCBU-MAIN LIBRARY (Kitwe) _H1 _I0.00 _jHB 85 Hut _UAVAILABLE _y001809 _ZAnnex Low-Usage Collection |
||
| 995 |
_aMAIN LIBRARY OPEN ACCESS _D0.00 _e001808 _FCBU-MAIN LIBRARY (Kitwe) _H2 _I0.00 _jHB 85 Hut _UAVAILABLE _y001808 _ZMain Library Open Access Collection |
||
| 999 |
_c80212 _d80212 |
||